[Event "Colonie op"]
[Site "Colonie"]
[Date "2003.02.01"]
[Round "3"]
[White "Varela, Carlos Araiza"]
[Black "Backer, Bruce E"]
[Result "0-1"]
[WhiteElo "1200"]
[BlackElo "1222"]
[PlyCount "68"]
[EventDate "2003.01.31"]
[EventType "swiss"]
[EventRounds "5"]
[EventCountry "USA"]
[SourceTitle "EXT 2008"]
[Source "ChessBase"]
[SourceDate "2007.11.25"]
[SourceVersion "1"]
[SourceVersionDate "2007.11.25"]
[SourceQuality "1"]

1. d4 d5 2. c4 dxc4 3. e3 Nf6 4. Bxc4 e6 5. Nf3 c5 6. 0-0 Nc6 7. Ne5 Nxe5 8. dxe5 Nd7 9. f4 a6 10. a4 Be7 11. Nc3 0-0 12. Qc2 b6 13. Ba2 Bb7 14. b3 Qc7 15. Bb2 Rfd8 16. Rad1 Nf8 17. Bb1 g6 18. Ne4 Rd7 19. Nf6+ Bxf6 20. exf6 Rad8 21. Rxd7 Nxd7 22. Qf2 Qc6 23. e4 c4 24. bxc4 Qxc4 25. Qh4 h5 26. Qg5 Qc5+ 27. Kh1 Qxg5 28. fxg5 Nc5 29. Be5 Nxe4 30. Bc7 Rd2 31. Bxb6 Nxg5 32. Rg1 Nh3 33. Be3 Re2 34. Rd1 Bxg2# 0-1